Minecraft Blocks - Statistics

General Stats
  • This quiz has been taken 612 times
    583 since last reset
  • The average score is 38 of 73
Answer Stats
Hint Answer % Correct
Plant Grassy Block
92%
Mineral Block Diamond Block
91%
Ore Diamond Ore
91%
Mineral Block Iron Block
89%
Ore Iron Ore
89%
Natural Dirt
87%
Mineral Block Gold Block
85%
Ore Gold Ore
85%
Natural Stone
85%
Ore Coal Ore
82%
Ore Redstone Ore
81%
Wool Red Wool
81%
Liquid Water
80%
Wool Blue Wool
79%
Liquid Lava
79%
Wool Black Wool
78%
Wool Green Wool
74%
Wool Pink Wool
74%
Natural Cobblestone
73%
Plant Wood
73%
Wool Grey Wool
70%
Wool Yellow wool
70%
Natural Bedrock
68%
Wool Orange Wool
68%
Wool Wool
68%
Wool Purple Wool
67%
Natural Sand
66%
Mineral Block Lapis Lazuli Block
63%
Ore Lapis Lazuli Ore
63%
Nether Block Netherrack
62%
Natural Obsidian
60%
Wool Brown Wool
59%
Wool Cyan Wool
58%
Wool Light Blue Wool
57%
Wool Magenta Wool
57%
Wool Lime Wool
55%
Utility Crafting Table
54%
The End End Stone
52%
Plant Leaves
51%
Nether Block Nether Brick
51%
Utility Furnace
50%
Manufactured Planks
49%
Natural Gravel
47%
Utility Chest
44%
Natural Sandstone
42%
Mechanism Piston
41%
Manufactured Bricks
40%
Nether Block Soul Sand
40%
Manufactured Glass
37%
Natural Clay
36%
Natural Air
33%
Nether Block Glowstone
33%
Mechanism Sticky Piston
32%
Plant Cactus
29%
Natural Snow
29%
Plant Pumpkin
27%
Mechanism Dispenser
26%
Creative Only Sponge
24%
Natural Ice
23%
Plant Melon
23%
Natural Monster Spawner
23%
Wool Dark Grey Wool
22%
Natural Stone bricks
21%
Utility TNT
21%
Manufactured Bookshelf
19%
Natural Moss Stone
18%
Plant Mycelium
17%
Utility Enchantment Table
16%
Utility Jukebox
12%
Mechanism Redstone Lamp
12%
Manufactured Jack-O-Lantern
11%
Mechanism Note Block
11%
Plant Huge Mushroom
5%
No matching quizzes found
Score Distribution
Percent of People with Each Score
Percentile by Number Answered
Your Score History
You have not taken this quiz since the last reset